[Event "ODJM A 2019"]
[Site "Willingen GER"]
[Date "2019.06.11"]
[Round "4"]
[White "Stelmaszyk, Nico"]
[Black "Doll, Alexander"]
[Result "1/2-1/2"]
[Termination "normal"]
[Board "2"]
[WhiteElo "2174"]
[BlackElo "1991"]
[WhiteClock "00:38:01"]
[BlackClock "00:29:33"]
[PlyCount "84"]
[WhiteFideId "16200462"]
[BlackFideId "16228294"]
[EventCountry "GER"]
[EventRounds "9"]
[EventType "swiss"]
[EventDate "2019.06.08"]

1. e4 {[%clk 1:30:58]} 1... e5 {[%clk 1:30:52]} 2. Nf3 {[%clk 1:31:23]} 2...
Nc6 {[%clk 1:31:16]} 3. Nc3 {[%clk 1:31:47]} 3... Nf6 {[%clk 1:31:21]} 4. d4 {
[%clk 1:32:12]} 4... exd4 {[%clk 1:31:46]} 5. Nxd4 {[%clk 1:32:36]} 5... Bb4 {
[%clk 1:32:11]} 6. Nxc6 {[%clk 1:32:59]} 6... bxc6 {[%clk 1:32:37]} 7. Bd3 {
[%clk 1:33:23]} 7... d5 {[%clk 1:32:52]} 8. exd5 {[%clk 1:33:47]} 8... O-O {
[%clk 1:33:14]} 9. O-O {[%clk 1:34:12]} 9... cxd5 {[%clk 1:33:42]} 10. h3 {
[%clk 1:34:34]} 10... c6 {[%clk 1:33:51]} 11. Qf3 {[%clk 1:34:57]} 11... Rb8 {
[%clk 1:33:34]} 12. Bf4 {[%clk 1:34:22]} 12... Bd6 {[%clk 1:33:15]} 13. b3 {
[%clk 1:34:19]} 13... Rb7 {[%clk 1:32:12]} 14. Rfe1 {[%clk 1:30:19]} 14... Re7
{[%clk 1:27:24]} 15. Bxd6 {[%clk 1:22:53]} 15... Qxd6 {[%clk 1:27:14]} 16. Rxe7
{[%clk 1:22:54]} 16... Qxe7 {[%clk 1:27:41]} 17. Ne2 {[%clk 1:20:05]} 17... Re8
{[%clk 1:15:58]} 18. Ng3 {[%clk 0:52:53]} 18... h6 {[%clk 1:10:31]} 19. c4 {
[%clk 0:47:34]} 19... Qe5 {[%clk 1:06:41]} 20. Rd1 {[%clk 0:43:34]} 20... Re7 {
[%clk 0:56:34]} 21. cxd5 {[%clk 0:32:58]} 21... cxd5 {[%clk 0:50:34]} 22. Rc1 {
[%clk 0:30:33]} 22... Rc7 {[%clk 0:49:09]} 23. Rxc7 {[%clk 0:30:06]} 23... Qxc7
{[%clk 0:48:57]} 24. Nf5 {[%clk 0:29:05]} 24... Bxf5 {[%clk 0:46:15]} 25. Qxf5
{[%clk 0:27:55]} 25... Kf8 {[%clk 0:45:32]} 26. g4 {[%clk 0:23:46]} 26... Qc1+
{[%clk 0:40:52]} 27. Kg2 {[%clk 0:23:08]} 27... Qc6 {[%clk 0:38:37]} 28. h4 {
[%clk 0:22:18]} 28... Qd7 {[%clk 0:34:23]} 29. g5 {[%clk 0:17:14]} 29... Qxf5 {
[%clk 0:30:23]} 30. Bxf5 {[%clk 0:17:30]} 30... hxg5 {[%clk 0:30:30]} 31. hxg5
{[%clk 0:17:49]} 31... Ne8 {[%clk 0:30:21]} 32. Kf3 {[%clk 0:17:29]} 32... Ke7
{[%clk 0:28:16]} 33. Ke3 {[%clk 0:17:00]} 33... Kd6 {[%clk 0:27:46]} 34. Kd4 {
[%clk 0:15:55]} 34... Nc7 {[%clk 0:26:12]} 35. a4 {[%clk 0:09:06]} 35... Na6 {
[%clk 0:17:06]} 36. Bh3 {[%clk 0:06:09]} 36... Nc5 {[%clk 0:11:09]} 37. b4 {
[%clk 0:05:41]} 37... Nxa4 {[%clk 0:10:10]} 38. Bg2 {[%clk 0:06:04]} 38... Nb6
{[%clk 0:10:34]} 39. b5 {[%clk 0:06:29]} 39... Ke6 {[%clk 0:03:19]} 40. Bh3+ {
[%clk 0:06:44]} 40... Kd6 {[%clk 0:02:16]} 41. Bg2 {[%clk 0:07:08]} 41... Ke6 {
[%clk 0:29:09]} 42. Bh3+ {[%clk 0:38:01]} 42... Kd6 {[%clk 0:29:33]} 1/2-1/2

[Event "ODJM A 2019"]
[Site "Willingen GER"]
[Date "2019.06.11"]
[Round "4"]
[White "Ortmeier, Leonhard"]
[Black "Holtel, Jasper"]
[Result "1/2-1/2"]
[Termination "normal"]
[Board "3"]
[BlackTitle "FM"]
[WhiteElo "2140"]
[BlackElo "2272"]
[WhiteClock "00:07:16"]
[BlackClock "00:15:06"]
[PlyCount "47"]
[WhiteFideId "12993662"]
[BlackFideId "12956376"]
[EventCountry "GER"]
[EventRounds "9"]
[EventType "swiss"]
[EventDate "2019.06.08"]

1. Nf3 {[%clk 1:30:43]} 1... c5 {[%clk 1:29:09]} 2. c4 {[%clk 1:31:09]} 2...
Nc6 {[%clk 1:29:31]} 3. d4 {[%clk 1:31:29]} 3... cxd4 {[%clk 1:29:55]} 4. Nxd4
{[%clk 1:31:54]} 4... Nf6 {[%clk 1:30:16]} 5. Nc3 {[%clk 1:31:12]} 5... e6 {
[%clk 1:29:18]} 6. g3 {[%clk 1:25:45]} 6... Qb6 {[%clk 1:28:18]} 7. Nb3 { [%clk
1:10:55]} 7... Ne5 {[%clk 1:14:46]} 8. e4 {[%clk 0:56:04]} 8... Bb4 { [%clk
1:09:52]} 9. Qe2 {[%clk 0:47:49]} 9... d6 {[%clk 0:50:20]} 10. f4 { [%clk
0:43:13]} 10... Ng6 {[%clk 0:49:27]} 11. Bg2 {[%clk 0:39:41]} 11... O-O { [%clk
0:32:42]} 12. Be3 {[%clk 0:37:36]} 12... Qc7 {[%clk 0:32:40]} 13. Rc1 { [%clk
0:36:25]} 13... Bd7 {[%clk 0:31:13]} 14. O-O {[%clk 0:34:43]} 14... Bxc3 {[%clk
0:26:02]} 15. Rxc3 {[%clk 0:34:48]} 15... Bc6 {[%clk 0:26:26]} 16. Bf2 { [%clk
0:32:58]} 16... b6 {[%clk 0:23:26]} 17. Nd4 {[%clk 0:30:34]} 17... e5 { [%clk
0:19:53]} 18. Nxc6 {[%clk 0:25:59]} 18... Qxc6 {[%clk 0:20:18]} 19. f5 { [%clk
0:26:18]} 19... Ne7 {[%clk 0:20:42]} 20. g4 {[%clk 0:26:05]} 20... Nd7 { [%clk
0:20:17]} 21. f6 {[%clk 0:09:32]} 21... Ng6 {[%clk 0:18:33]} 22. fxg7 { [%clk
0:09:06]} 22... Kxg7 {[%clk 0:18:57]} 23. Be3 {[%clk 0:08:22]} 23... Nc5 {[%clk
0:15:06]} 24. Qf2 {[%clk 0:07:16]} 1/2-1/2

[Event "ODJM A 2019"]
[Site "Willingen GER"]
[Date "2019.06.11"]
[Round "4"]
[White "Dietz, Florian"]
[Black "Hesse, Henrik"]
[Result "0-1"]
[Termination "normal"]
[Board "4"]
[WhiteElo "2139"]
[BlackElo "2166"]
[WhiteClock "00:18:20"]
[BlackClock "00:16:40"]
[PlyCount "88"]
[WhiteFideId "12939897"]
[BlackFideId "12952060"]
[EventCountry "GER"]
[EventRounds "9"]
[EventType "swiss"]
[EventDate "2019.06.08"]

1. e4 {[%clk 1:30:56]} 1... c5 {[%clk 1:30:24]} 2. Nf3 {[%clk 1:31:19]} 2... e6
{[%clk 1:30:42]} 3. d4 {[%clk 1:31:38]} 3... cxd4 {[%clk 1:31:04]} 4. Nxd4 {
[%clk 1:32:00]} 4... Nc6 {[%clk 1:31:11]} 5. Nc3 {[%clk 1:32:01]} 5... Qc7 {
[%clk 1:31:27]} 6. Be3 {[%clk 1:32:14]} 6... a6 {[%clk 1:31:43]} 7. Qf3 { [%clk
1:32:24]} 7... Nf6 {[%clk 1:29:39]} 8. O-O-O {[%clk 1:31:59]} 8... d6 { [%clk
1:25:47]} 9. Qg3 {[%clk 1:23:04]} 9... Bd7 {[%clk 1:19:29]} 10. f4 { [%clk
1:12:16]} 10... Rc8 {[%clk 1:10:21]} 11. Bd3 {[%clk 1:06:43]} 11... b5 { [%clk
0:53:22]} 12. Rhe1 {[%clk 0:53:12]} 12... b4 {[%clk 0:31:57]} 13. Nce2 { [%clk
0:49:47]} 13... e5 {[%clk 0:23:38]} 14. fxe5 {[%clk 0:35:37]} 14... dxe5 {[%clk
0:22:47]} 15. Nb3 {[%clk 0:33:55]} 15... Na5 {[%clk 0:18:10]} 16. Kb1 { [%clk
0:31:01]} 16... Nxb3 {[%clk 0:10:57]} 17. cxb3 {[%clk 0:30:42]} 17... Be7
{[%clk 0:08:29]} 18. Ng1 {[%clk 0:19:04]} 18... O-O {[%clk 0:08:19]} 19. Nf3 {
[%clk 0:19:02]} 19... Bb5 {[%clk 0:04:58]} 20. Ka1 {[%clk 0:13:17]} 20... Bxd3
{[%clk 0:03:06]} 21. Rxd3 {[%clk 0:13:43]} 21... Qc2 {[%clk 0:02:41]} 22. Rdd1
{[%clk 0:13:16]} 22... Nxe4 {[%clk 0:02:57]} 23. Qg4 {[%clk 0:12:23]} 23... Nf2
{[%clk 0:01:00]} 24. Bxf2 {[%clk 0:12:06]} 24... Qxf2 {[%clk 0:01:28]} 25. Nxe5
{[%clk 0:09:21]} 25... Bf6 {[%clk 0:01:32]} 26. Re2 {[%clk 0:08:45]} 26... Qc5
{[%clk 0:01:44]} 27. Nc4 {[%clk 0:08:39]} 27... a5 {[%clk 0:00:56]} 28. Rc2 {
[%clk 0:07:59]} 28... Ra8 {[%clk 0:00:39]} 29. Rdc1 {[%clk 0:06:34]} 29... a4 {
[%clk 0:00:39]} 30. Qf3 {[%clk 0:06:03]} 30... a3 {[%clk 0:00:35]} 31. Kb1 {
[%clk 0:03:20]} 31... axb2 {[%clk 0:00:35]} 32. Nxb2 {[%clk 0:03:43]} 32... Qa7
{[%clk 0:00:43]} 33. Na4 {[%clk 0:03:29]} 33... Qd4 {[%clk 0:01:05]} 34. Nb2 {
[%clk 0:03:47]} 34... h6 {[%clk 0:00:46]} 35. Qd3 {[%clk 0:03:44]} 35... Qe5 {
[%clk 0:01:01]} 36. g3 {[%clk 0:02:53]} 36... Rfd8 {[%clk 0:01:03]} 37. Qe2 {
[%clk 0:03:01]} 37... Qd4 {[%clk 0:00:56]} 38. Qc4 {[%clk 0:03:07]} 38... Qa7 {
[%clk 0:00:36]} 39. Na4 {[%clk 0:02:57]} 39... Qa5 {[%clk 0:00:33]} 40. Qc5 {
[%clk 0:02:44]} 40... Qa6 {[%clk 0:00:32]} 41. Qxb4 {[%clk 0:00:48]} 41... Bg5
{[%clk 0:21:48]} 42. Rc6 {[%clk 0:18:39]} 42... Qe2 {[%clk 0:16:42]} 43. R1c2 {
[%clk 0:18:01]} 43... Rd1+ {[%clk 0:16:40]} 44. Kb2 {[%clk 0:18:20]} 44... Bc1+
0-1

[Event "ODJM A 2019"]
[Site "Willingen GER"]
[Date "2019.06.11"]
[Round "4"]
[White "Hartmann, Jakob"]
[Black "Garbuz, Vitaly"]
[Result "0-1"]
[Termination "normal"]
[Board "5"]
[WhiteElo "2144"]
[BlackElo "2051"]
[WhiteClock "00:01:38"]
[BlackClock "00:01:56"]
[PlyCount "114"]
[WhiteFideId "12918067"]
[BlackFideId "12990710"]
[EventCountry "GER"]
[EventRounds "9"]
[EventType "swiss"]
[EventDate "2019.06.08"]

1. e4 {[%clk 1:30:47]} 1... c5 {[%clk 1:30:56]} 2. Nf3 {[%clk 1:30:28]} 2...
Nc6 {[%clk 1:31:22]} 3. d4 {[%clk 1:30:19]} 3... cxd4 {[%clk 1:31:47]} 4. Nxd4
{[%clk 1:30:27]} 4... g6 {[%clk 1:31:38]} 5. c4 {[%clk 1:29:53]} 5... Bg7 {
[%clk 1:31:53]} 6. Be3 {[%clk 1:29:47]} 6... Nf6 {[%clk 1:29:56]} 7. Nc3 {
[%clk 1:29:36]} 7... d6 {[%clk 1:28:54]} 8. Be2 {[%clk 1:26:32]} 8... O-O {
[%clk 1:28:42]} 9. O-O {[%clk 1:24:54]} 9... Nd7 {[%clk 1:20:01]} 10. Rc1 {
[%clk 1:14:20]} 10... Nc5 {[%clk 1:13:33]} 11. Qd2 {[%clk 1:06:08]} 11... Bd7 {
[%clk 0:55:54]} 12. Rfd1 {[%clk 1:02:41]} 12... Rc8 {[%clk 0:53:42]} 13. f3 {
[%clk 0:50:41]} 13... b6 {[%clk 0:43:37]} 14. Ncb5 {[%clk 0:37:53]} 14... Nxd4
{[%clk 0:42:41]} 15. Bxd4 {[%clk 0:34:12]} 15... a6 {[%clk 0:29:02]} 16. Bxg7 {
[%clk 0:32:21]} 16... Kxg7 {[%clk 0:29:15]} 17. Nc3 {[%clk 0:29:28]} 17... a5 {
[%clk 0:27:45]} 18. Nd5 {[%clk 0:25:04]} 18... Bc6 {[%clk 0:25:01]} 19. b3 {
[%clk 0:17:54]} 19... f6 {[%clk 0:20:39]} 20. Qe3 {[%clk 0:16:35]} 20... Bxd5 {
[%clk 0:05:05]} 21. cxd5 {[%clk 0:16:22]} 21... Qd7 {[%clk 0:03:48]} 22. Rc2 {
[%clk 0:12:15]} 22... b5 {[%clk 0:02:55]} 23. f4 {[%clk 0:10:14]} 23... Rc7 {
[%clk 0:01:19]} 24. h3 {[%clk 0:08:57]} 24... b4 {[%clk 0:01:00]} 25. Bc4 {
[%clk 0:08:41]} 25... f5 {[%clk 0:01:07]} 26. e5 {[%clk 0:08:27]} 26... Ne4 {
[%clk 0:01:25]} 27. Bb5 {[%clk 0:06:45]} 27... Qd8 {[%clk 0:01:40]} 28. Rxc7 {
[%clk 0:06:18]} 28... Qxc7 {[%clk 0:02:05]} 29. Rc1 {[%clk 0:06:34]} 29... Nc3
{[%clk 0:02:10]} 30. e6 {[%clk 0:02:56]} 30... Rc8 {[%clk 0:01:46]} 31. Qd4+ {
[%clk 0:01:18]} 31... Kg8 {[%clk 0:01:01]} 32. Kh2 {[%clk 0:01:40]} 32... Qc5 {
[%clk 0:00:59]} 33. Qxc5 {[%clk 0:01:45]} 33... Rxc5 {[%clk 0:01:24]} 34. Bc6 {
[%clk 0:01:51]} 34... Kg7 {[%clk 0:00:46]} 35. Rc2 {[%clk 0:01:48]} 35... Kf6 {
[%clk 0:01:04]} 36. h4 {[%clk 0:00:58]} 36... h6 {[%clk 0:01:22]} 37. g3 {
[%clk 0:00:49]} 37... g5 {[%clk 0:01:28]} 38. hxg5+ {[%clk 0:00:52]} 38... hxg5
{[%clk 0:01:53]} 39. Kg2 {[%clk 0:00:42]} 39... gxf4 {[%clk 0:00:51]} 40. gxf4
{[%clk 0:01:02]} 40... Ne4 {[%clk 0:00:42]} 41. Rxc5 {[%clk 0:23:11]} 41...
Nxc5 {[%clk 0:26:56]} 42. Kf3 {[%clk 0:19:38]} 42... Nd3 {[%clk 0:26:28]} 43.
Ke3 {[%clk 0:13:23]} 43... Nc1 {[%clk 0:26:51]} 44. Be8 {[%clk 0:07:59]} 44...
Nxa2 {[%clk 0:26:53]} 45. Bh5 {[%clk 0:07:23]} 45... Nc3 {[%clk 0:26:03]} 46.
Kd4 {[%clk 0:06:41]} 46... a4 {[%clk 0:05:38]} 47. bxa4 {[%clk 0:06:48]} 47...
Nxa4 {[%clk 0:05:58]} 48. Bd1 {[%clk 0:05:40]} 48... Nc5 {[%clk 0:04:09]} 49.
Kc4 {[%clk 0:05:27]} 49... Kg6 {[%clk 0:01:44]} 50. Bc2 {[%clk 0:01:08]} 50...
b3 {[%clk 0:02:08]} 51. Bd1 {[%clk 0:00:34]} 51... b2 {[%clk 0:01:24]} 52. Bc2
{[%clk 0:01:00]} 52... Ne4 {[%clk 0:01:43]} 53. Kd3 {[%clk 0:00:35]} 53... Kh5
{[%clk 0:01:59]} 54. Bb1 {[%clk 0:00:34]} 54... Kg4 {[%clk 0:02:15]} 55. Kc2 {
[%clk 0:00:53]} 55... Kxf4 {[%clk 0:02:32]} 56. Kxb2 {[%clk 0:01:17]} 56... Nf6
{[%clk 0:01:37]} 57. Ba2 {[%clk 0:01:38]} 57... Ke5 {[%clk 0:01:56]} 0-1

[Event "ODJM A 2019"]
[Site "Willingen GER"]
[Date "2019.06.11"]
[Round "4"]
[White "Gerlach, Felix"]
[Black "Oberhofer, Cedric"]
[Result "0-1"]
[Termination "normal"]
[Board "6"]
[WhiteElo "2079"]
[BlackElo "2243"]
[WhiteClock "00:16:56"]
[BlackClock "00:15:39"]
[PlyCount "76"]
[WhiteFideId "12957690"]
[BlackFideId "12941220"]
[EventCountry "GER"]
[EventRounds "9"]
[EventType "swiss"]
[EventDate "2019.06.08"]

1. c4 {[%clk 1:30:57]} 1... e5 {[%clk 1:30:52]} 2. g3 {[%clk 1:31:23]} 2... Nf6
{[%clk 1:31:17]} 3. Bg2 {[%clk 1:31:49]} 3... d5 {[%clk 1:31:41]} 4. cxd5 {
[%clk 1:32:15]} 4... Nxd5 {[%clk 1:32:06]} 5. Nc3 {[%clk 1:32:39]} 5... Nb6 {
[%clk 1:32:33]} 6. Nf3 {[%clk 1:33:03]} 6... Nc6 {[%clk 1:32:58]} 7. O-O {
[%clk 1:33:23]} 7... Be7 {[%clk 1:33:25]} 8. a3 {[%clk 1:33:45]} 8... Be6 {
[%clk 1:33:43]} 9. b4 {[%clk 1:34:01]} 9... a5 {[%clk 1:34:07]} 10. b5 { [%clk
1:34:26]} 10... Nd4 {[%clk 1:34:34]} 11. Rb1 {[%clk 1:34:41]} 11... f6 { [%clk
1:34:47]} 12. Nxd4 {[%clk 1:31:35]} 12... exd4 {[%clk 1:35:11]} 13. Na4 { [%clk
1:32:00]} 13... Bd5 {[%clk 1:29:50]} 14. Nxb6 {[%clk 1:32:13]} 14... cxb6
{[%clk 1:30:18]} 15. e4 {[%clk 1:32:34]} 15... Ba2 {[%clk 1:20:33]} 16. Ra1 {
[%clk 1:24:53]} 16... Be6 {[%clk 1:19:57]} 17. Bb2 {[%clk 0:36:40]} 17... Qd7 {
[%clk 1:06:26]} 18. Qa4 {[%clk 0:34:50]} 18... Bc5 {[%clk 1:02:44]} 19. d3 {
[%clk 0:34:59]} 19... O-O {[%clk 0:57:44]} 20. Rae1 {[%clk 0:34:50]} 20... Qf7
{[%clk 0:55:59]} 21. Qd1 {[%clk 0:34:41]} 21... Bb3 {[%clk 0:51:13]} 22. Qb1 {
[%clk 0:27:56]} 22... Rae8 {[%clk 0:47:54]} 23. Kh1 {[%clk 0:27:09]} 23... a4 {
[%clk 0:41:30]} 24. Bh3 {[%clk 0:25:59]} 24... Re7 {[%clk 0:38:20]} 25. Qa1 {
[%clk 0:21:05]} 25... Bc2 {[%clk 0:35:13]} 26. f3 {[%clk 0:20:08]} 26... Bxd3 {
[%clk 0:32:30]} 27. Rf2 {[%clk 0:19:52]} 27... Rd8 {[%clk 0:27:40]} 28. Rd2 {
[%clk 0:19:35]} 28... Qb3 {[%clk 0:26:56]} 29. Red1 {[%clk 0:19:24]} 29... Bxb5
{[%clk 0:27:05]} 30. Bxd4 {[%clk 0:19:29]} 30... Bxd4 {[%clk 0:17:47]} 31. Rxd4
{[%clk 0:19:50]} 31... Rxd4 {[%clk 0:18:00]} 32. Qxd4 {[%clk 0:18:10]} 32...
Be2 {[%clk 0:15:59]} 33. Qd5+ {[%clk 0:15:20]} 33... Qxd5 {[%clk 0:16:20]} 34.
Rxd5 {[%clk 0:15:46]} 34... Bxf3+ {[%clk 0:16:35]} 35. Bg2 {[%clk 0:15:58]}
35... Bxe4 {[%clk 0:14:53]} 36. Bxe4 {[%clk 0:16:07]} 36... Rxe4 { [%clk
0:15:17]} 37. Rb5 {[%clk 0:16:32]} 37... Re3 {[%clk 0:15:14]} 38. Rxb6 { [%clk
0:16:56]} 38... Rb3 {[%clk 0:15:39]} 0-1

[Event "ODJM A 2019"]
[Site "Willingen GER"]
[Date "2019.06.11"]
[Round "4"]
[White "Kardoeus, David"]
[Black "Kolb, Tobias"]
[Result "1-0"]
[Termination "normal"]
[Board "7"]
[WhiteElo "2202"]
[BlackElo "1915"]
[WhiteClock "00:06:06"]
[BlackClock "00:07:34"]
[PlyCount "77"]
[WhiteFideId "12912050"]
[BlackFideId "12992321"]
[EventCountry "GER"]
[EventRounds "9"]
[EventType "swiss"]
[EventDate "2019.06.08"]

1. e4 {[%clk 1:29:46]} 1... c6 {[%clk 1:30:58]} 2. d4 {[%clk 1:30:04]} 2... d5
{[%clk 1:31:25]} 3. e5 {[%clk 1:30:19]} 3... c5 {[%clk 1:31:51]} 4. dxc5 {
[%clk 1:30:38]} 4... e6 {[%clk 1:32:17]} 5. a3 {[%clk 1:31:00]} 5... Bxc5 {
[%clk 1:32:43]} 6. b4 {[%clk 1:31:17]} 6... Be7 {[%clk 1:32:54]} 7. Qg4 { [%clk
1:26:45]} 7... g6 {[%clk 1:26:26]} 8. h4 {[%clk 1:26:55]} 8... Qc7 { [%clk
1:21:22]} 9. Qe2 {[%clk 1:14:24]} 9... Nd7 {[%clk 1:13:51]} 10. Bb2 { [%clk
1:08:08]} 10... h5 {[%clk 1:11:11]} 11. c4 {[%clk 0:44:23]} 11... dxc4 { [%clk
1:02:34]} 12. Qxc4 {[%clk 0:39:54]} 12... Qxc4 {[%clk 1:02:49]} 13. Bxc4 {[%clk
0:40:22]} 13... Nb6 {[%clk 0:56:37]} 14. Be2 {[%clk 0:34:28]} 14... Bd7 {[%clk
0:56:42]} 15. Bf3 {[%clk 0:33:17]} 15... Bc6 {[%clk 0:57:04]} 16. Bxc6+ {[%clk
0:33:12]} 16... bxc6 {[%clk 0:57:30]} 17. Nc3 {[%clk 0:29:41]} 17... Nc4 {[%clk
0:54:41]} 18. O-O-O {[%clk 0:29:44]} 18... a5 {[%clk 0:44:31]} 19. Rd4 { [%clk
0:29:07]} 19... Nxe5 {[%clk 0:33:20]} 20. Ne4 {[%clk 0:29:19]} 20... Nf6 {[%clk
0:31:22]} 21. Nd6+ {[%clk 0:25:19]} 21... Kf8 {[%clk 0:29:47]} 22. Nh3 { [%clk
0:25:40]} 22... Kg7 {[%clk 0:23:53]} 23. Ng5 {[%clk 0:23:38]} 23... Bxd6 {[%clk
0:21:12]} 24. Rxd6 {[%clk 0:23:53]} 24... Nc4 {[%clk 0:21:37]} 25. Rd7 { [%clk
0:14:22]} 25... Nxb2 {[%clk 0:20:21]} 26. Rxf7+ {[%clk 0:14:44]} 26... Kh6
{[%clk 0:15:11]} 27. Rxf6 {[%clk 0:10:27]} 27... Nc4 {[%clk 0:15:26]} 28. Rd1
{[%clk 0:09:40]} 28... axb4 {[%clk 0:13:51]} 29. Rd7 {[%clk 0:04:59]} 29... Ne5
{[%clk 0:14:18]} 30. Re7 {[%clk 0:05:22]} 30... bxa3 {[%clk 0:14:38]} 31. Kb1
{[%clk 0:05:21]} 31... a2+ {[%clk 0:07:26]} 32. Ka1 {[%clk 0:05:45]} 32... Rab8
{[%clk 0:06:51]} 33. f4 {[%clk 0:04:08]} 33... Nc4 {[%clk 0:06:52]} 34. Nf7+
{[%clk 0:04:11]} 34... Kg7 {[%clk 0:07:15]} 35. Ne5+ {[%clk 0:04:35]} 35... Kg8
{[%clk 0:06:17]} 36. Rxg6+ {[%clk 0:04:53]} 36... Kf8 {[%clk 0:06:42] } 37.
Rf7+ {[%clk 0:05:17]} 37... Ke8 {[%clk 0:07:08]} 38. Rxe6+ { [%clk 0:05:42]}
38... Kd8 {[%clk 0:07:34]} 39. Rd7+ {[%clk 0:06:06]} 1-0

[Event "ODJM A 2019"]
[Site "Willingen GER"]
[Date "2019.06.11"]
[Round "4"]
[White "Knudsen, Simon"]
[Black "Beesk, Kevin"]
[Result "1/2-1/2"]
[Termination "normal"]
[Board "8"]
[WhiteElo "2166"]
[BlackElo "1935"]
[WhiteClock "00:47:38"]
[BlackClock "00:09:03"]
[PlyCount "67"]
[WhiteFideId "12985546"]
[BlackFideId "1271882"]
[EventCountry "GER"]
[EventRounds "9"]
[EventType "swiss"]
[EventDate "2019.06.08"]

1. e4 {[%clk 1:30:57]} 1... c5 {[%clk 1:30:54]} 2. Nf3 {[%clk 1:31:22]} 2... e6
{[%clk 1:31:21]} 3. b3 {[%clk 1:31:47]} 3... b6 {[%clk 1:31:46]} 4. Bd3 { [%clk
1:32:13]} 4... Bb7 {[%clk 1:32:12]} 5. O-O {[%clk 1:32:38]} 5... d6 { [%clk
1:32:36]} 6. Bb2 {[%clk 1:30:54]} 6... Nd7 {[%clk 1:32:58]} 7. Re1 { [%clk
1:29:12]} 7... Ngf6 {[%clk 1:33:02]} 8. e5 {[%clk 1:27:47]} 8... dxe5 { [%clk
1:32:59]} 9. Nxe5 {[%clk 1:28:09]} 9... Nxe5 {[%clk 1:31:49]} 10. Bxe5 { [%clk
1:28:32]} 10... a6 {[%clk 1:31:55]} 11. Qe2 {[%clk 1:08:01]} 11... Qd5 { [%clk
1:05:20]} 12. f4 {[%clk 1:06:55]} 12... Bd6 {[%clk 1:05:42]} 13. Nc3 { [%clk
0:59:04]} 13... Qc6 {[%clk 1:06:06]} 14. Bxf6 {[%clk 0:56:11]} 14... gxf6
{[%clk 1:06:27]} 15. Be4 {[%clk 0:56:37]} 15... Qc7 {[%clk 1:03:23]} 16. Bxb7 {
[%clk 0:56:07]} 16... Qxb7 {[%clk 1:03:46]} 17. Ne4 {[%clk 0:56:31]} 17...
O-O-O {[%clk 0:55:03]} 18. Nxd6+ {[%clk 0:56:15]} 18... Rxd6 {[%clk 0:55:25]}
19. d3 {[%clk 0:56:38]} 19... f5 {[%clk 0:50:59]} 20. Qf2 {[%clk 0:54:39]}
20... Rg8 {[%clk 0:49:37]} 21. Re3 {[%clk 0:52:55]} 21... Rg4 {[%clk 0:44:21]}
22. Rg3 {[%clk 0:51:25]} 22... Qd5 {[%clk 0:39:34]} 23. Rxg4 {[%clk 0:51:40]}
23... fxg4 {[%clk 0:39:58]} 24. Re1 {[%clk 0:52:03]} 24... f6 {[%clk 0:33:05]}
25. a4 {[%clk 0:49:42]} 25... a5 {[%clk 0:27:32]} 26. Re4 {[%clk 0:49:36]}
26... h5 {[%clk 0:26:58]} 27. Re2 {[%clk 0:49:12]} 27... Kd7 {[%clk 0:25:27]}
28. Qe3 {[%clk 0:49:25]} 28... Qd4 {[%clk 0:17:26]} 29. Qxd4 {[%clk 0:49:48]}
29... cxd4 {[%clk 0:15:25]} 30. Kf2 {[%clk 0:50:10]} 30... h4 {[%clk 0:13:51]}
31. Ke1 {[%clk 0:48:29]} 31... Rd5 {[%clk 0:10:49]} 32. Kd2 {[%clk 0:48:47]}
32... Kd6 {[%clk 0:10:06]} 33. Re1 {[%clk 0:47:38]} 33... Rf5 {[%clk 0:09:03]}
34. Re4 {[%clk 0:47:38]} 1/2-1/2